000 00456nam a2200181Ia 4500
008 090124s9999 xx 000 0 und d
082 _b131283
100 _aधुळे प्रकाश
245 _a ग़ज़ल
250 _a1
260 _c2003
300 _a271
600 _aधुळे प्रकाश
630 _a ग़ज़ल
700 _aधुळे प्रकाश
730 _a ग़ज़ल
942 _cBOOK
999 _c177372
_d177372